[Event "Marienbad Open GM 2020"]
[Site "Marianske Lazne"]
[Date "2020.01.18"]
[Round "1.1"]
[White "Dev, Shah"]
[Black "Bai, Adelard"]
[Result "1/2-1/2"]
[WhiteElo "2320"]
[BlackElo "2430"]
[Annotator "ChessBase"]
[PlyCount "43"]
[EventDate "2020.01.18"]
[EventType "tourn"]
[EventCountry "CZE"]
[SourceTitle "playchess.com"]
[Source "ChessBase"]
[SourceQuality "1"]
[TimeControl "40/5400+30:1800+30"]

1. d4 d5 2. c4 c6 3. Nc3 Nf6 4. Nf3 dxc4 5. a4 e6 6. e3 c5 7. Bxc4 cxd4 8. exd4 Nc6 9. O-O Be7 10. Qe2 O-O 11. Rd1 Nb4 12. Bg5 {[%emt 0:01:45]} h6 {[%emt 0:05:33]} 13. Bxf6 Bxf6 {[%emt 0:00:10]} 14. Ne4 {[%emt 0:00:14]} b6 {[%emt 0:00:51]} 15. Ne5 {[%emt 0:00:07]} Bh4 {[%emt 0:00:09]} 16. Ra3 {[%emt 0:00:07]} Bb7 {[%emt 0:05:58]} 17. Rh3 {[%emt 0:03:45]} Rc8 {[%emt 0:08:25]} 18. Qg4 {[%emt 0:12:27]} Bg5 {[%emt 0:07:42]} 19. Bxe6 {[%emt 0:19:30]} fxe6 {[%emt 0:00:30]} 20. Qxe6+ {[%emt 0:00:30]} Kh7 {[%emt 0:00:27]} 21. Qg6+ {[%emt 0:00:00]} Kg8 {[%emt 0:00:22]} 22. Qe6+ {[%emt 0:00:10]} 1/2-1/2

[Event "Marienbad Open GM 2020"]
[Site "Marianske Lazne"]
[Date "2020.01.18"]
[Round "1.2"]
[White "Quesada Perez, Luis Ernesto"]
[Black "Makarian, Rudik"]
[Result "1/2-1/2"]
[WhiteElo "2491"]
[BlackElo "2403"]
[Annotator "TA"]
[PlyCount "74"]
[EventDate "2020.01.18"]
[EventType "tourn"]
[EventCountry "CZE"]
[SourceTitle "playchess.com"]
[Source "ChessBase"]
[SourceQuality "1"]

{[%evp 22,74,45,37,52,43,80,79,85,78,83,57,65,29,27,34,125,109,178,181,171,71,77,77,77,77,77,72,72,86,73,64,79,54,61,77,68,77,57,65,89,0,0,27,27,0,0,0,0,0,0,0,0,0,0]} 1. d4 Nf6 2. c4 g6 3. Nc3 Bg7 4. e4 d6 5. f4 O-O 6. Nf3 c5 7. d5 e6 8. dxe6 Bxe6 9. Bd3 Bg4 10. O-O Nc6 11. h3 Bxf3 12. Qxf3 Nd4 {E76: King's Indian: Four Pawns Attack: Lines specific to 6 Nf3 move-order} (12... Nd7 13. Bd2 Nd4 14. Qf2 Re8 15. Kh1 a6 16. e5 Nb6 17. Ne4 dxe5 18. fxe5 Nf5 19. Nxc5 Rxe5 20. Bf4 Re7 21. Bxf5 Bd4 22. Nxb7 Rxb7 23. Qf3 Re7 24. Be4 Rc8 25. Rad1 Nxc4 26. Bg5 Rcc7 27. Qd3 {1-0 (27) Popilski,G (2552)-Perelshteyn,E (2515) Dallas 2015}) 13. Qf2 Ne8 14. Be3 $146 ({Predecessor:} 14. f5 Be5 15. Bh6 Nf6 16. Bxf8 Qxf8 17. Qh4 Qg7 18. Nd5 g5 19. Nxf6+ Qxf6 20. Qg4 {0-1 (31) Chueca Forcen,A (2156)-Gimeno Oteo,M (2110) Aragon 2007}) 14... Nc7 {White is better.} 15. Rad1 a6 16. a4 Re8 17. e5 dxe5 18. f5 e4 ({Better is} 18... gxf5 $14 19. Bxf5 Rf8) 19. Bxe4 $16 (19. fxg6 f5 $11) 19... Qf6 (19... gxf5 $16 {is a better defense.} 20. Bxf5 (20. Bxb7 Rb8 $11) 20... Qe7) 20. Bf4 $18 ({Much less strong is} 20. Bxb7 $6 Rab8 $14) 20... Qb6 21. Kh1 (21. Bh2 $18 {is more deadly.}) 21... gxf5 $16 {[#]} 22. Bxf5 $1 {[%mdl 512]} Nxf5 23. Bxc7 $1 {[%mdl 64] Discovered Attack} Qxc7 24. Qxf5 Re5 25. Qg4 {Hoping for Rd7.} Qc6 26. Rd7 Qe6 27. Rfxf7 Qxf7 28. Rxf7 Kxf7 29. Ne4 {[#] Strongly threatening Ng5+.} Kg8 30. a5 Rf8 31. Kh2 (31. g3 $16) 31... Kh8 $11 32. h4 Re7 33. b3 Rf4 $1 {[%cal Rf4g4] The position is equal.} 34. Qc8+ Rf8 35. Qg4 Rf4 $1 {[%cal Rf4g4]} 36. Qc8+ Rf8 37. Qg4 Rf4 $1 {Accuracy: White = 53%, Black = 65%.} 1/2-1/2

[Event "Marienbad Open GM 2020"]
[Site "Marianske Lazne"]
[Date "2020.01.18"]
[Round "1.4"]
[White "Siddharth, Jagadeesh"]
[Black "Baenziger, Fabian"]
[Result "1/2-1/2"]
[WhiteElo "2301"]
[BlackElo "2412"]
[Annotator "TA"]
[PlyCount "54"]
[EventDate "2020.01.18"]
[EventType "tourn"]
[EventCountry "CZE"]
[SourceTitle "playchess.com"]
[Source "ChessBase"]
[SourceQuality "1"]

{[%evp 24,54,18,0,0,-3,0,0,0,-45,-8,-4,0,-28,-20,-26,0,0,0,-6,0,-55,-57,-106,0,0,0,-45,-50,-47,0,0,0]} 1. d4 d5 2. c4 dxc4 3. e3 Nf6 4. Bxc4 e6 5. Nf3 c5 6. O-O a6 7. a4 Nc6 8. Qe2 cxd4 9. Rd1 Be7 10. exd4 O-O 11. Nc3 {[%cal Bb1c3,Bc3e2,Be2f4][%mdl 32]} Nb4 12. Bg5 Bd7 13. Ne5 Rc8 {D27: Queen's Gambit Accepted: Classical main line: 7 e4!? and 7 a4} 14. Bb3 Be8 15. Qf3 {[#]} Nc6 $146 ({Predecessor:} 15... Bc6 16. Nxc6 Nxc6 17. d5 Nxd5 {½-½ (17) Naumkin,I (2436)-Seferjan,N (2511) Moscow 2002}) 16. Ne2 Nd5 17. Bd2 Ndb4 18. Qg4 Na5 19. Bxb4 Bxb4 20. Ba2 Bd6 (20... Bxa4 21. Rd3) 21. Nf4 {aiming for b4!} Rc7 22. Rd3 ({White should try} 22. b4 $11 Nc6 23. b5) 22... Nc6 $15 23. Re1 {[#]} Bxe5 ({Better is} 23... Nb4 $1 $17 24. Rg3 g6) 24. dxe5 $11 Nxe5 25. Qxg7+ Kxg7 26. Rxd8 Bxa4 27. Nh5+ Kg8 $1 {Accuracy: White = 41%, Black = 74%.} 1/2-1/2

[Event "Marienbad Open GM 2020"]
[Site "Marianske Lazne"]
[Date "2020.01.19"]
[Round "2.1"]
[White "Bai, Adelard"]
[Black "Kovalev, Andrei"]
[Result "1/2-1/2"]
[WhiteElo "2430"]
[BlackElo "2489"]
[Annotator "TA"]
[PlyCount "99"]
[EventDate "2020.01.18"]
[EventType "tourn"]
[EventCountry "CZE"]
[SourceTitle "playchess.com"]
[Source "ChessBase"]
[SourceQuality "1"]

{[%evp 23,99,20,36,1,23,0,19,7,22,13,24,0,0,0,18,16,20,0,0,0,60,57,53,51,63,61,58,20,25,4,44,44,43,44,44,44,44,44,45,44,44,44,44,44,44,44,45,42,51,51,52,56,55,51,51,44,44,44,45,38,52,52,58,58,58,85,85,57,67,0,0,0,0,0,0,0,0,0]} 1. d4 Nf6 2. c4 g6 3. g3 Bg7 4. Bg2 O-O 5. Nf3 d6 6. Nc3 Nbd7 7. O-O e5 8. e4 exd4 9. Nxd4 Nc5 10. Re1 Re8 11. h3 h6 12. Rb1 Bd7 13. b4 {E68: King's Indian: Fianchetto: 6...Nbd7 7 0-0 e5 8 e4} Ne6 {[#] And now ...Nxd4 would win.} 14. Nxe6 (14. Nf3 {with more complications.} a5 15. b5 Nc5 16. Nd4 Qc8 17. Kh2) 14... Bxe6 15. Nd5 c6 (15... a5 16. a3 axb4 17. axb4 Nxd5 18. cxd5 Bd7 19. Bb2 Bxb2 20. Rxb2 Qf6 {½-½ (30) Howell,D (2693)-Ganguly,S (2633) Astana 2019}) 16. Ne3 a5 17. a3 $146 ({Predecessor:} 17. b5 Nd7 18. bxc6 bxc6 19. Ba3 Ne5 20. Qc2 c5 {1-0 (50) Shuraev,A (2360)-Jovanovic,S (2235) Belgrade 1991}) 17... axb4 18. axb4 Ra2 19. Qb3 Qa8 20. Rd1 b5 21. Rxd6 bxc4 (21... Qa7 $11) 22. Nxc4 $14 Bf8 23. Rd2 Ra1 24. Rxa1 Qxa1 25. Qb2 Qxb2 26. Bxb2 Bxc4 (26... Nxe4 {is more complex.} 27. Bxe4 Bxc4 28. Bxc6 Rb8 29. Be5 Bxb4 30. Rc2 Bd3) 27. Bxf6 Bxb4 28. Rd4 Bc3 29. Rxc4 {[%mdl 64] [#] Double Attack} Bxf6 30. Rxc6 {[%mdl 4096] Endgame KRB-KRB} Bd4 31. Rd6 Bc5 32. Rd5 Bb6 33. Bf3 Rc8 34. Rd2 Rd8 35. Rc2 Rd3 36. Kg2 $1 Bd4 37. Be2 Rb3 38. Rc8+ Kg7 39. Rd8 Bb6 40. Rd2 Rb4 41. e5 Re4 42. f4 g5 43. Bf3 Rd4 44. Rb2 Ba5 45. Rb5 Be1 46. f5 (46. Bh5 $14 Rb4 47. Rxb4 Bxb4 48. Kf3) 46... Rd2+ $11 {The position is equal.} 47. Kg1 Bf2+ 48. Kh2 Be1+ 49. Bg2 {e6 is the strong threat.} Re2 50. e6 {Accuracy: White = 71%, Black = 67%.} 1/2-1/2

[Event "Marienbad Open GM 2020"]
[Site "Marianske Lazne"]
[Date "2020.01.19"]
[Round "2.3"]
[White "Bracker, Arne"]
[Black "Siddharth, Jagadeesh"]
[Result "1-0"]
[WhiteElo "2243"]
[BlackElo "2301"]
[Annotator "TA"]
[PlyCount "79"]
[EventDate "2020.01.18"]
[EventType "tourn"]
[EventCountry "CZE"]
[SourceTitle "playchess.com"]
[Source "ChessBase"]
[SourceQuality "1"]

{[%evp 17,112,0,0,0,27,55,47,34,47,51,77,48,139,128,133,94,93,111,90,94,98,87,71,102,100,17,255,267,255,261,256,253,251,262,260,253,276,272,264,252,226,202,179,133,193,193,285,279,281,290,423,416,447,446,438,442,448,443,840,835,5097,5085,1874,1747,29970,29970,29966,29969,29970,29973,12302,6205,29977,29978,29978,29979,29980,29981,29982,29983,29983,29984,29984,29983,29984,29985,29985,29986,29986,29987,29988,29989,29996,29997,29997,29998,29999]} 1. e4 c5 2. Nf3 Nc6 3. Bb5 g6 4. O-O Bg7 5. c3 Nf6 6. Re1 O-O 7. d4 d5 8. e5 Ne4 9. Bxc6 bxc6 10. Be3 {B31: Sicilian: 2...Nc6 3 Bb5 g6} f6 $146 ({Predecessor:} 10... cxd4 11. cxd4 Qb6 12. Qc1 a5 13. Nc3 Nxc3 14. Qxc3 Bf5 15. Nd2 Rfb8 16. b3 a4 17. h3 Qa5 18. Qxa5 Rxa5 19. bxa4 Rxa4 {1-0 (59) Giri,A (2776)-Le,Q (2713) Bucharest 2019}) 11. exf6 Bxf6 12. Bh6 {White is slightly better.} Rf7 13. Nbd2 cxd4 14. cxd4 (14. Nxe4 {is interesting.} dxe4 15. Nxd4 Qb6 16. Rxe4 c5 17. Nf3) 14... c5 (14... Bg4 $14) 15. Nxe4 $16 dxe4 16. Ne5 ({Worse is} 16. Rxe4 Bb7 $11) 16... cxd4 17. Nxf7 Kxf7 18. Rxe4 {And now Qb3+ would win.} Qd5 19. Qf3 {White wants to mate with Rxe7+!} Bb7 20. Rae1 {Intending Rxe7+ and mate.} Re8 21. g4 ({White should try} 21. Qg3 $16) 21... g5 $2 (21... d3 $11) 22. h4 $1 $18 {[%cal Rh4g5] Strongly threatening hxg5.} Kg8 23. hxg5 Bxg5 24. Bxg5 Qxg5 25. Qf4 Qh4 {[#]} 26. g5 $1 Qh5 27. Qg4 Qxg4+ 28. Rxg4 {[%mdl 4096] Endgame KRR-KRB} Rd8 29. Rd1 ({Inferior is} 29. Rxe7 d3 $11) 29... e5 {Threatens to win with ...Bf3.} 30. Rd2 Rc8 {[#]} (30... Bf3 $16 31. Rh4 e4) 31. Kh2 $1 Rc1 (31... Bf3 $142 32. Rg1 Rd8) 32. Rg1 Rc5 33. Kg3 Ra5 (33... Be4 $142 34. f4 Bg6 35. fxe5 d3) 34. f4 exf4+ 35. Kxf4 Rxa2 36. Rc1 Ra4 37. Rc7 d3+ (37... Bd5 $142 38. Ke5 Bf7 39. Rxd4 Ra5+ 40. Ke4 Bg6+ 41. Ke3 Re5+ 42. Kd2 a6) 38. Ke3 Be4 39. b3 Rb4 40. Ra2 {Played: Rc7-c4} 1-0

[Event "Marienbad Open GM 2020"]
[Site "Marianske Lazne"]
[Date "2020.01.19"]
[Round "2.4"]
[White "Makarian, Rudik"]
[Black "Swicarz, Maciej"]
[Result "1-0"]
[WhiteElo "2403"]
[BlackElo "2357"]
[Annotator "TA"]
[PlyCount "131"]
[EventDate "2020.01.18"]
[EventType "tourn"]
[EventCountry "CZE"]
[SourceTitle "playchess.com"]
[Source "ChessBase"]
[SourceQuality "1"]

{[%evp 20,131,18,16,39,28,66,46,96,107,119,97,91,67,111,108,94,91,137,131,146,153,190,186,225,162,171,168,171,168,167,164,248,266,264,253,248,241,349,361,508,501,480,458,519,272,360,360,360,360,356,343,360,360,360,354,354,353,352,352,346,247,242,232,284,253,253,253,333,334,338,277,341,341,345,320,331,0,283,0,312,295,297,281,305,291,318,260,424,435,435,434,429,422,423,417,424,391,433,420,603,594,603,578,1139,758,1082,1100,1107,1052,745,724,1422,1430]} 1. d4 Nf6 2. c4 g6 3. g3 Bg7 4. Bg2 d5 5. cxd5 Nxd5 6. e4 Nb6 7. Ne2 c5 8. d5 e6 9. O-O O-O 10. Nbc3 exd5 11. exd5 Nc4 {D72: Fianchetto Grünfeld: 5 cxd5 Nxd5 6 e4 Nb6 (without Nf3)} (11... Bf5 12. Be3 Na6 13. b3 Re8 14. h3 Nb4 15. Rc1 c4 16. Bd4 Bh6 17. bxc4 Bxc1 18. Nxc1 Rc8 19. a3 {1-0 (28) Firouzja,A (2685)-Asadli,V (2502) Konya 2019}) 12. Ne4 Na6 13. Qc2 $146 ({Predecessor:} 13. N2c3 h6 14. Qe2 Ne5 15. f4 Ng4 16. h3 Nf6 17. Nxf6+ Qxf6 18. g4 Bd7 19. Ne4 {1-0 (40) Stamenkovic,Z (2430)-Jevtic,M (2375) Ulcinj 1998}) 13... Nb6 {White is slightly better.} 14. Bg5 f6 15. Bf4 Bg4 16. h3 Nb4 17. Qxc5 Bxe2 18. Qxb4 Bxf1 (18... Nxd5 $2 19. Qb3 $18) 19. Rxf1 Kh8 ({Avoid the trap} 19... Nxd5 $2 20. Qb3 $18) 20. Rd1 Re8 21. d6 Nd7 22. Nc5 Nxc5 23. Qxc5 {Hoping for d7.} Qd7 {[#]} 24. Qc7 $1 {[%cal Rc7d7]} Red8 {aiming for ...Qxc7.} 25. Qxb7 Qxb7 (25... Rac8 $142 26. Qxd7 Rxd7) 26. Bxb7 $18 Rab8 27. Bf3 {Black must now prevent d7.} g5 28. Be3 Rxb2 (28... Rbc8 $142 29. Bg4 Rc6) 29. d7 ({Don't play} 29. Bxa7 f5 $18) 29... Rb5 (29... a5 {keeps fighting.} 30. Bc5 f5) 30. Bc6 Ra5 31. Bd2 Re5 32. Bc3 Rc5 33. Re1 {[#] Re8+ would kill now.} Re5 34. Bxe5 fxe5 {[%mdl 4096] Endgame KRB-KRB} 35. f4 gxf4 36. gxf4 Kg8 37. fxe5 Kf7 38. e6+ Ke7 39. Bd5 Rf8 40. Re2 Bd4+ 41. Kg2 Bc5 42. Rc2 Bb6 43. Bb3 Bd8 44. Rc5 Rf6 45. Kg3 Rg6+ 46. Kf4 Kd6 47. Rc8 Ke7 48. Rc5 Kd6 $1 {[%cal Rd6c5]} 49. Rc8 Ke7 50. Rc2 Kd6 51. Rc3 Ke7 52. Ke4 Rh6 53. Kd4 Ba5 $2 (53... Kd6 54. Rf3 Rh4+ 55. Kd3 Kc7) 54. Rg3 {Threatens to win with Rg7+.} Rg6 55. Rd3 Bb6+ 56. Kc3 Ba5+ 57. Kb2 Bd8 58. Bc4 Rf6 59. Kb3 Rh6 (59... Bc7 $142 60. Rd2 Rf3+ 61. Kb4 Rxh3) 60. Ka4 {White is clearly winning.} Rh4 61. Kb5 Bc7 62. Bd5 {And now Kc6 would win.} Rh6 63. Kc6 Bb6 64. Kb7 Rf6 65. Bb3 Bd8 66. Kxa7 {Accuracy: White = 80%, Black = 42%.} 1-0

[Event "Marienbad Open GM 2020"]
[Site "Marianske Lazne"]
[Date "2020.01.19"]
[Round "2.5"]
[White "Dev, Shah"]
[Black "Quesada Perez, Luis Ernesto"]
[Result "0-1"]
[WhiteElo "2320"]
[BlackElo "2491"]
[Annotator "TA"]
[PlyCount "92"]
[EventDate "2020.01.18"]
[EventType "tourn"]
[EventCountry "CZE"]
[SourceTitle "playchess.com"]
[Source "ChessBase"]
[SourceQuality "1"]

{[%evp 19,112,8,-8,-19,-20,-21,-7,-10,-19,-23,-15,-30,-14,-37,-29,-39,-41,-31,-30,-64,-85,-77,-80,-90,-72,-79,-75,-69,-69,-69,-74,-129,-125,-117,-104,-172,-180,-135,-208,-202,-202,-209,-200,-214,-216,-215,-216,-216,-202,-216,-216,-204,-207,-211,-206,-202,-208,-161,-123,-662,-640,-471,-482,-348,-267,-552,-657,-693,-681,-1179,-1164,-3954,-3398,-3838,-2348,-4941,-4941,-3908,-4610,-4542,-4005,-29986,-29987,-29987,-29988,-29988,-29989,-29989,-29990,-29990,-29991,-29991,-29992,-29994,-29995]} 1. d4 Nf6 2. c4 e6 3. Nc3 Bb4 4. e3 b6 5. Bd3 Bb7 6. Nf3 O-O 7. O-O d5 8. cxd5 exd5 9. Ne5 Bd6 10. f4 c5 11. Bd2 {E52: Nimzo-Indian: Rubinstein: 4...0-0 5 Nf3 d5 6 Bd3 b6} Nc6 12. Ne2 cxd4 $146 ({Predecessor:} 12... Ne4 13. Rf3 Ne7 14. Ng3 f6 15. Ng4 Qd7 16. h3 Kh8 {0-1 (45) Plat,V (2551)-Navara,D (2727) Poland 2018}) 13. Nxc6 {The position is equal.} Bxc6 14. Nxd4 Bd7 15. h3 Re8 16. b4 Qe7 17. Qb3 Ne4 18. Be1 a5 {[%cal Ra5b4]} 19. Qxd5 {Black must now prevent Bxe4.} Nf6 $36 {[%mdl 2048] White is under strong pressure.} 20. Qf3 axb4 21. Bf2 Bc5 22. Rfe1 Ne4 23. Bxe4 Qxe4 24. Qxe4 Rxe4 25. Nf3 (25. Nb3 $142) 25... h5 26. Nd2 Ree8 27. e4 (27. Nb3 $17) 27... Be6 $19 28. Nb3 Bxb3 29. axb3 Rxa1 30. Rxa1 Rxe4 31. Bxc5 bxc5 $17 {[%mdl 4096] Endgame KR-KR} 32. Rc1 Rxf4 33. Rxc5 h4 34. Rb5 f6 35. Rb7 Kh7 36. Rb5 g5 $1 37. Rb7+ Kg6 38. Rb5 Kf7 39. Rb7+ $2 {[%mdl 8192]} (39. Rb6 $17) 39... Ke6 $19 40. Rb6+ Kd5 41. Rb5+ Kc6 42. Rb8 $2 (42. Ra5) 42... Kc5 43. Rd8 f5 44. Rd7 g4 45. hxg4 fxg4 46. Kh2 Rd4 {Played: Rf4-f2} 0-1

[Event "Marienbad Open GM 2020"]
[Site "Marianske Lazne"]
[Date "2020.01.20"]
[Round "3.1"]
[White "Quesada Perez, Luis Ernesto"]
[Black "Bai, Adelard"]
[Result "1-0"]
[WhiteElo "2491"]
[BlackElo "2430"]
[Annotator "TA"]
[PlyCount "79"]
[EventDate "2020.01.18"]
[EventType "tourn"]
[EventCountry "CZE"]
[SourceTitle "playchess.com"]
[Source "ChessBase"]
[SourceQuality "1"]

{[%evp 9,79,8,11,13,8,15,14,13,63,37,76,79,80,86,284,285,275,280,283,287,308,329,380,306,300,294,289,275,310,316,402,224,218,208,243,250,284,270,275,272,265,246,285,282,387,364,382,475,408,344,380,383,376,376,536,532,518,509,497,514,532,532,609,613,742,756,713,708,29962,29961,29955,29950]} 1. Nf3 d5 2. g3 c6 3. Bg2 Bg4 4. h3 Bh5 5. b3 (5. O-O Nd7 6. c4 e6 7. Qb3 Qb6 8. Qc2 dxc4 9. g4 Bg6 10. Qxc4 Bd6 11. Nc3 Ne7 12. d4 {½-½ (53) Bu,X (2718)-Yu,Y (2759) Ningbo 2018}) 5... Nd7 6. Bb2 {A07: Réti Opening: New York and Capablanca Systems} Ngf6 7. O-O Qc7 8. c4 {The position is equal.} e5 9. cxd5 cxd5 $146 ({Predecessor:} 9... Nxd5 10. d3 Be7 11. Nc3 Nxc3 12. Bxc3 Bf6 13. Rc1 O-O 14. Rc2 Rfe8 15. Qa1 Bg6 16. Nd2 Nc5 17. Bb2 Ne6 18. Ne4 Bxe4 19. Bxe4 Nd4 20. Bxd4 {½-½ (20) Pak,R (2131)-Bruemmer,F (2171) Germany 2011}) 10. d3 a6 11. Qc1 Qb8 $2 {[#]} (11... Qxc1 $16 {was called for.} 12. Rxc1 Bd6) 12. Nxe5 $1 $18 {[%mdl 512]} Nxe5 13. Qe3 $1 Nfd7 {intending ...Be7.} 14. d4 {[%mdl 64] Pin} Be7 {Black wants to play ...Nc6.} 15. dxe5 O-O 16. Bxd5 Bc5 17. Qg5 Bg6 18. Nd2 Re8 19. Nc4 Ra7 20. e6 (20. Rad1 $142 Nf8 21. Nd6 $1 {[%mdl 512]}) 20... fxe6 21. Be4 Be7 22. Qg4 $40 {[%mdl 128] White has strong attack.} Nf6 {[#]} 23. Bxf6 $1 (23. Qxe6+ Bf7 $16) 23... Bxf6 24. Bxg6 hxg6 25. Rad1 ({Not} 25. Qxg6 Bxa1 26. Rxa1 Ra8 $14) 25... Kh7 26. Nd6 Re7 27. h4 b5 28. h5 g5 29. Qe4+ Kh8 30. Qg6 Qg8 31. Ne4 Qe8 (31... Rf7 $142 32. Rd6 Rf8) 32. Nxf6 gxf6 33. Qxf6+ Kh7 34. Qxg5 Rg7 35. Qe5 Raf7 36. Rd6 {[%cal Bd1d6,Bd6e6,Be6f6][%mdl 32]} Re7 37. Rc1 Qf7 38. Rcc6 Re8 39. Rxe6 Rf8 40. Rf6 {Accuracy: White = 94%, Black = 34%.} 1-0

[Event "Marienbad Open GM 2020"]
[Site "Marianske Lazne"]
[Date "2020.01.20"]
[Round "3.2"]
[White "Swicarz, Maciej"]
[Black "Dev, Shah"]
[Result "1-0"]
[WhiteElo "2357"]
[BlackElo "2320"]
[Annotator "TA"]
[PlyCount "51"]
[EventDate "2020.01.18"]
[EventType "tourn"]
[EventCountry "CZE"]
[SourceTitle "playchess.com"]
[Source "ChessBase"]
[SourceQuality "1"]

{[%evp 13,51,36,28,16,12,0,31,0,13,0,41,16,36,11,33,13,83,67,112,44,83,76,83,66,141,150,142,135,148,148,191,212,190,160,382,123,106,111,639,624]} 1. e4 e5 2. Nf3 Nc6 3. Bc4 Nf6 4. d3 Be7 5. O-O O-O 6. a4 d5 7. exd5 Nxd5 8. Re1 {C55: Two Knights: 4 d3, 4 d4 exd4 5 e5 and Max Lange Attack.} Bg4 9. h3 Bh5 (9... Bxf3 $5 10. Qxf3 Nb6 $11) 10. c3 {White is slightly better.} Kh8 11. a5 Rb8 12. Nbd2 {[%cal Bb1d2,Bd2f1,Bf1g3][%mdl 32]} f6 {[#]} 13. Nf1 $146 ({Predecessor:} 13. Ne4 Bf7 14. Qa4 a6 15. Qa2 b5 16. axb6 cxb6 17. Qb1 a5 18. Ng3 b5 19. Bb3 {1-0 (53) Lagarde,M (2576)-Hebden,M (2523) Hastings 2014}) 13... Bf7 14. Ng3 g6 (14... a6 $11 {keeps the balance.}) 15. Bh6 Rg8 16. Bd2 (16. d4 $16 {[%cal Rd4e5]} e4 17. Bxd5 (17. Rxe4 Nxc3 18. bxc3 Bxc4 $11) (17. Nxe4 g5 $14) 17... Qxd5 18. Rxe4 (18. Nxe4 g5 $11)) 16... Qf8 17. Qb3 Qd8 18. a6 b6 {[#]} ({Black should play} 18... bxa6 $14 19. Qa2 a5) 19. Qa4 $1 $16 Na5 20. Ba2 $36 {[%mdl 2048] Keeping Black busy.} c5 {[#]} 21. b4 $1 {[%cal Rb4a5]} cxb4 22. cxb4 Be8 23. b5 Bc5 $2 (23... Nc7 $16) 24. Bxa5 $2 (24. d4 $18 {is more deadly.} exd4 25. Ne4) 24... bxa5 25. Qc4 Bxb5 $2 {[%mdl 8192]} (25... Rxb5 $16 26. d4 Bb4) 26. Qxc5 {Accuracy: White = 68%, Black = 33%.} 1-0

[Event "Marienbad Open GM 2020"]
[Site "Marianske Lazne"]
[Date "2020.01.20"]
[Round "3.3"]
[White "Siddharth, Jagadeesh"]
[Black "Makarian, Rudik"]
[Result "1/2-1/2"]
[WhiteElo "2301"]
[BlackElo "2403"]
[Annotator "TA"]
[PlyCount "81"]
[EventDate "2020.01.18"]
[EventType "tourn"]
[EventCountry "CZE"]
[SourceTitle "playchess.com"]
[Source "ChessBase"]
[SourceQuality "1"]

{[%evp 10,81,30,17,22,26,31,21,17,-4,10,-5,38,33,39,43,43,38,46,47,49,40,37,42,47,50,50,42,84,76,82,74,77,68,97,89,87,37,50,28,26,20,48,-28,-32,-41,0,0,0,0,0,0,0,-14,-11,-20,0,0,0,-4,5,4,12,0,37,0,0,0,50,45,52,50,57,57]} 1. d4 g6 2. e4 d6 3. Bc4 Nf6 4. Qe2 Bg7 5. Nf3 O-O 6. e5 dxe5 {B06: Modern Defence} 7. dxe5 Nd5 8. h3 Nb6 {The position is equal.} 9. Bd3 $146 ({Predecessor:} 9. Bb3 c5 10. O-O Nc6 11. e6 Bxe6 12. Bxe6 fxe6 13. Qxe6+ Kh8 14. c3 Qd5 15. Qxd5 Nxd5 16. Nbd2 Nf4 17. Ne4 Nd3 18. Rb1 {½-½ (96) Short,N (2678)-Adhiban,B (2655) Riadh 2017}) 9... Nc6 10. O-O Nd4 11. Nxd4 Qxd4 12. Re1 $1 Nd7 {[%cal Rd7e5]} 13. e6 Ne5 14. exf7+ Rxf7 15. Be4 Bf5 {[#] Hoping for ...Bxe4.} 16. Nc3 Bxe4 17. Nxe4 Raf8 18. c3 Qd5 19. Bg5 Nc4 20. Rad1 Qc6 21. Bh4 {aiming for Ng5.} h6 22. Bg3 Nd6 23. Nxd6 exd6 24. Qg4 Kh7 25. Re6 Bf6 26. Bh4 (26. Qe2 $14) 26... h5 $11 27. Qg3 Qc4 (27... Qa4 $5 {[%cal Ra4d1]} 28. Rd4 Qxa2 29. Rxf6 Rxf6 30. Bxf6 Rxf6 $15) 28. Rxf6 Rxf6 29. Bxf6 Rxf6 {[%mdl 4096] Endgame KQR-KQR} 30. Qg5 Kg7 31. Qa5 a6 32. Qd5 Qxd5 33. Rxd5 {KR-KR} Kf7 34. f3 Rf5 35. Rxf5+ gxf5 {KP-KP} 36. g3 c5 37. Kf2 f4 $1 38. g4 c4 39. h4 {White is slightly better.} (39. gxh5 $2 b5 $19) 39... a5 40. a4 ({And not} 40. gxh5 b5 $19) 40... Kg6 41. g5 {Accuracy: White = 59%, Black = 58%.} 1/2-1/2